000 01199nam a2200229Ia 4500
003 Ost
005 20260416102355.0
008 260416s9999||||xx |||||||||||||| ||und||
040 _cfsecg
041 _aara
082 _a310
100 _aشرياف، جمال الدين نوفل
_eمؤلف
245 0 _aالإحصاء 1 :
_b الاحصاء الوصفي /
_c جمال الدين نوفل شرياف
260 _aالجزائر
_bجامعة الجزائر3: كلية العلوم الإقتصادية، العلوم التجارية وعلوم التسيير
_c2020
300 _a96 ورقة
_bايضاحات
_c30 سم
504 _aمراجع ص.96
520 _aالمفاهيم الاحصائية و طرق عرض البيانات و مقياس النزعة المركزية و مقياس التشتت و الشكل ، الانحدار الخطي و البسيط و الأرقام القياسية و السلاسل الزمنية.
653 _aالاحصاء
653 _aالاحصاء الوصفي
710 _aجامعة الجزائر3: كلية العلوم الإقتصادية، العلوم التجارية وعلوم التسيير
_eناشر علمي
942 _cHANDOUT
999 _c41178
_d41178